Последната клечка кибрит (Запис номер 485020)
[ съкратено ]
| 000 -Лидер | |
|---|---|
| Контролно поле с фиксирана дължина | 01398nam a2200301 a 4500 |
| 003 - Код на организацията, давaща контролен номер | |
| Контролно поле | BLK |
| 005 - Дата и час на последна редакция | |
| Контролно поле | 20250610151015.0 |
| 008 - Елементи от данни с фиксирана дължина | |
| fixed length control field | 180411b bul|||||r ||||||| ||bul|| |
| 010 ## - Наследен системен номер | |
| LC control number | KNG00213522000 |
| 020 ## - Международен стандартен номер на книга ISBN | |
| Международен стандартен номер на книга ISBN | 9789543208029 |
| 040 ## - Източник на каталожния запис | |
| Идентификатор на билиотеката - собственик на записа | BLK |
| 041 ## - Код за език | |
| Код за езика на текст/звукозапис или на отделно заглавие | Български |
| Код за езика КДБФ | Български |
| 072 #7 - Код за тематичната категория | |
| Код организация | bullib |
| Код за тематична категория | Н84 |
| Текст | Българска художествена литература Н |
| 080 ## - УДК | |
| Текстов определител УДК | Българска литература |
| УДК код - определител по УДК | 821.163.2 |
| УДК определител | -84 |
| УДК - код + определител | 821.163.2-84 |
| 100 ## - Редна дума - Автор | |
| Автор | Пенков, Иван Георгиев |
| Авторска отговорност | първи автор |
| R(LIN) | 294082 |
| 139 ## - Редно поле | |
| Редна дума | Пенков, Иван Георгиев |
| Авторски знак | Пенк - П 35 |
| 245 10 - Сведения за заглавието | |
| Заглавие | Последната клечка кибрит |
| Подзаглавни данни | Дневници, спомени, афоризми, есета |
| Редно поле (дума) | Иван Пенков; състав Боян Пенков, Джони Пенков |
| 257 ## - Страна на издаване | |
| Страна на създаване/издаване | България |
| 260 ## - Област на издателските данни | |
| Място на издаване, разпространение и проч. | София |
| Име на издателя, разпространителя и проч. | Рива |
| Година на издаване | 2022 |
| 9 (RLIN) | 209565 |
| Издателство - префикс ISBN | 978-954-320- ; 954-8440- |
| 300 ## - Физическа характеристика | |
| Страници | 335 с. |
| Размери/Мащаб | 21 см |
| 380 ## - Жанр | |
| Жанр | Худож. лит. |
| 700 ## - Други автори (авторска отговорност) | |
| Лично име | Пенков, Боян Иванов |
| Автороска отговорност (Описва отношението между автора и произведението) | състав. |
| 9 (RLIN) | 294083 |
| 700 ## - Други автори (авторска отговорност) | |
| Лично име | Пенков, Джони |
| Дати, свързани с автора | 1933 - 2021 |
| Друга информация | Радиоинженер, звукорежисьор, актьор. Автор на проза. |
| Пълна форма на името | Пeнков, Георги Иванов |
| 9 (RLIN) | 374300 |
| 856 4# - Електронен адрес и достъп | |
| Електронен формат | pdf - файл |
| Инструкция (цена за достъп) | 0.00 |
| Права за достъп | disable |
| 856 4# - Електронен адрес и достъп | |
| Електронен формат | pdf - файл |
| Инструкция (цена за достъп) | 0.00 |
| Права за достъп | disable |
| 999 ## - СИСТЕМНИ КОНТРОЛНИ НОМЕРА | |
| Koha biblionumber | 485020 |
| Koha biblioitemnumber | 485020 |
| 942 ## - АРТИКУЛИ | |
| Вид на библиотечния материал | Книги |
| Скрит в OPAC | Не |
| Периодичен библиозапис | Да |
| Koha issues (borrowed), all copies | 2 |
| 944 ## - СЪЗДАВАНЕ И РЕДАКЦИЯ на ЗАПИСА | |
| Дата на регистрацията/редакция | 2022-12-07 |
| Служител, извършил регистрацията/редакцията | 30560 |
| Статус, дата на статуса | Геновева Генчева |
| Код за отписване | Код за изгубен артикул | Източник на класификационната схема | Код за повреда | Коз за рестрикции | Код за отдаване | Артикулен № | Име на библиотеката - собственик | Име на библиотеката, в която се намира в момента | Статус (Текущо местоположение) | Дата на вписване в системата | Местоположение - отдел | Цена в лева | Систематично азбучна сигнатура | Баркод | Цена в евро | Служебен тип на артикула |
|---|---|---|---|---|---|---|---|---|---|---|---|---|---|---|---|---|
| Не е изгубен | Universal Decimal Classification | Не е повреден | без рестрикции | заемане за дома | 916723 | Регионална библиотека "Любен Каравелов" Русе | Регионална библиотека "Любен Каравелов" Русе | Заемна - подръчен фонд | 2022-12-08 | Заемна - подръчен фонд | 17.50 | 821.163.2/П 35 И | 120000879124 | 8.95 | Книги |